| 000 | 01061cam a2200301 a 4500 | ||
|---|---|---|---|
| 001 | 31997 | ||
| 005 | 20230410103635.0 | ||
| 008 | 940628s1992 pr b s001 0 spa | ||
| 035 | _9(DLC) 94177165 | ||
| 035 | _a1133664 | ||
| 942 |
_2lcc _cbk |
||
| 010 | _a94177165 | ||
| 040 |
_aDLC _cDLC _dDLC |
||
| 043 | _acc----- | ||
| 050 | 1 | 4 |
_a200 Z 6725 _bG216b 1992 |
| 082 | 0 | 0 |
_a016.355/0330729 _220 |
| 100 | 1 | _aGarcía Muñíz, Humberto. | |
| 245 | 1 | 0 |
_aBibliografía militar del Caribe / _cpor Humberto García Muñíz y Betsaida Velez Natal. |
| 260 |
_aRio Piedras : _bCentro de Investigaciones Históricas, Facultad de Humanidades, Universidad de Puerto Rico-Recinto de Río Piedras, _cc1992. |
||
| 300 |
_a177 p. ; _c23 cm. |
||
| 440 | 0 |
_aOp. cit.--serie bibliográfica ; _vno. 1 |
|
| 500 | _aIncludes index. | ||
| 651 | 0 |
_aCaribbean Area _xDefenses _xBibliography. |
|
| 651 | 0 |
_aCaribbean Area _xStrategic aspects _xBibliography. |
|
| 651 | 0 |
_aCaribbean Area _xMilitary relations _xBibliography. |
|
| 700 | 1 | _aVélez Natal, Betsaida. | |
| 922 | _aap | ||
| 999 |
_c23018 _d23018 |
||